| 000 | 00388nam a2200145Ia 4500 | ||
|---|---|---|---|
| 008 | 231129s2011||||xx |||||||||||||| ||spa|| | ||
| 020 | _a978-958-30-1316-4 | ||
| 040 | _bspa | ||
| 082 | _a398.2 S895y | ||
| 100 | _aStradelli Ermanno conde | ||
| 245 | 0 | _aYuruparí | |
| 260 | _c2011 | ||
| 264 | _aBogotá Colombia : Panamericana | ||
| 942 |
_2ddc _cBKS |
||
| 999 |
_c26532 _d26532 |
||